000 00472nam a22001697a 4500
005 20251108171227.0
008 250721s9999 xx 000 0 ara d
082 1 4 _aم/216/انس
100 1 _aمالك بن أنس، أبو عبد الله مالك بن أنس
245 1 0 _aالمدونة الكبرى /
264 1 _aبيروت :
_bدار صادر،
300 _a6ج.
650 1 7 _aالإسلام
650 1 7 _aالفقه
942 _2ddc
_cREF
999 _c59859
_d59859